Countries With a Cardinal Direction in Their Names - Statistics

General Stats
  • This quiz has been taken 1,538 times
  • The average score is 5 of 6
Answer Stats
Direction Countries % Correct
North North Korea
94%
South South Korea
93%
South South Sudan
89%
North North Macedonia
88%
South South Africa
88%
East East Timor
82%
No matching quizzes found
Score Distribution
Percent of People with Each Score
Percentile by Number Answered
Your Score History
You have not taken this quiz